Faculty of Law Library — Cairo University

Official Online Catalog

موسوعة العدالة فى أحكام النقض الجنائى فى عشر سنوات من 1997 - 2007. (Record no. 73719)

MARC details
000 -LEADER
fixed length control field 03366nam a2200325 i 4500
003 - CONTROL NUMBER IDENTIFIER
control field EG-GICUC
005 - DATE AND TIME OF LATEST TRANSACTION
control field 20260427182955.0
008 - FIXED-LENGTH DATA ELEMENTS--GENERAL INFORMATION
fixed length control field 260427s2008 ua |||fr|||| 00| 0 ara d
040 ## - CATALOGING SOURCE
Original cataloging agency EG-GICUC
Language of cataloging ara
Transcribing agency EG-GICUC
Modifying agency EG-GICUC
Description conventions rda
041 0# - LANGUAGE CODE
Language code of text/sound track or separate title Ara
082 04 - DEWEY DECIMAL CLASSIFICATION NUMBER
Edition number 21
Classification number 343.3807
Item number م ج . م
092 04 - LOCALLY ASSIGNED DEWEY CALL NUMBER (OCLC)
Edition number 21
099 ## - LOCAL FREE-TEXT CALL NUMBER (OCLC)
Classification number Law1 10 343.3807 م ج . م 2008
100 0# - MAIN ENTRY--PERSONAL NAME
Personal name مجدى محمود محب حافظ
Relator term مؤلف.
245 10 - TITLE STATEMENT
Title موسوعة العدالة فى أحكام النقض الجنائى فى عشر سنوات من 1997 - 2007.
Number of part/section of a work الجزء الثانى،
Name of part/section of a work إضرار غير عمدى إعانة الجناة على الفرار إعدام . أعذار قانونية . اعلام وراثة - إعلان - إفلاس إكراه * التماس إعادة النظر * ميعاده * شروطه - إلحاق المصريين للعمل بالخارج * الرقابة على المعادن الثمينة . العمل لدى جهة أجنبية بغير إذن * أمر بالأوجه لإقامة الدعوى * أمر حفظ بطلان ، بلاغ كاذب * بناها بناء على أرض زراعية * بينة * تبديد * تبوير أرض زراعية * إهانة الموظف العام ، أو أمر عسكرية * إيجار أماكن * بطلان .. ر تجمهره تداخل في وظيفة عمومية * تريح : تربية الدواجن أعلى سطح العقار * ترصد و تزوير والطعن بالتزوير و التزوير اوراق رسمية * التزوير في أوراق عرفية + إثبات التزوير و الإشتراك في التزوير + طبيعة جريمة التزوير * تسجيل المحادثات و تعدى على تفتيش * التفتيش الوقائي * التفتيش بإذن و التفتيش بغير إذن * إذن التفتيش * أملاك الدولة : تعدى على موظف عام + تعذيب * تعويض تفت بياناته والتوقيع عليه * إصداره و تنفيذه و تفتيش الأنثى * تقادم * تقرير تلخيص و تقسيم و تقليد * تلبس * تلقى الأموال - جريمة : أركانها الجريمة المستحيلة و الجريمة المستمرة - جرائم الجلسات . جمارك * حريق عمد : حكم * إصداره * بيانات الديباجة * وضعه والتوقيع عليه * وصفه * حجيته و تصحيحه : سقوطه بطلانه * إيداعه : بيانات حكم الإدانة * بيانات التسبيب /
Statement of responsibility, etc. تأليف دكتور مجدى محمود محب حافظ.
264 #1 - PRODUCTION, PUBLICATION, DISTRIBUTION, MANUFACTURE, AND COPYRIGHT NOTICE
Place of production, publication, distribution, manufacture القاهرة :
Name of producer, publisher, distributor, manufacturer دار شادى،
-- دار العدالة،
Date of production, publication, distribution, manufacture, or copyright notice 2008.
300 ## - PHYSICAL DESCRIPTION
Extent 579 - 1064 ؛صفحة
Dimensions 24 سم.
Other physical details إيضاحيات، صور، مثيليات ؛
336 ## - CONTENT TYPE
Source rda content
Content type term text
337 ## - MEDIA TYPE
Source rda media
Media type term Computer
338 ## - CARRIER TYPE
Source rda carrier
Carrier type term Online Resource
504 ## - BIBLIOGRAPHY, ETC. NOTE
Bibliography, etc. note . 240-220 ببليوجرافيا: صفحات.
505 ## - FORMATTED CONTENTS NOTE
Formatted contents note الجزء الثانى يحتوى من حرف الألف إلى حرف الحاء
546 ## - LANGUAGE NOTE
Language note النص باللغة العربية
650 1# - SUBJECT ADDED ENTRY--TOPICAL TERM
Topical term or geographic name entry element الأحكام الجنائية
General subdivision أحكام النقض
Source of heading or term qrmak
650 1# - SUBJECT ADDED ENTRY--TOPICAL TERM
Topical term or geographic name entry element القانون الجنائى
Source of heading or term qrmak
651 1# - SUBJECT ADDED ENTRY--GEOGRAPHIC NAME
Source of heading or term qrmak
856 40 - ELECTRONIC LOCATION AND ACCESS
Uniform Resource Identifier <a href="https://fll.law.cu.edu.eg/fulltext/bks/B10-10696.pdf">https://fll.law.cu.edu.eg/fulltext/bks/B10-10696.pdf</a>
905 ## - Cataloger and Reviser Names
Cataloger Name: Yasmin Sayed
942 ## - ADDED ENTRY ELEMENTS (KOHA)
Source of classification or shelving scheme Dewey Decimal Classification
Koha item type Books
Edition 21
Suppress in OPAC No
Holdings
Withdrawn status Lost status Source of classification or shelving scheme Damaged status Not for loan Collection Home library Current library Date acquired Total checkouts Full call number Barcode Date last seen Copy number Price effective from Koha item type
    Dewey Decimal Classification   Not for loan القانون الجنائي جــــامعة القــاهرة مكتبة كلية الحقوق - المبنى الرئيسي 27.04.2026   Law1 10 343.3807 م ج . م 2008 1010696 V2, C1 B10-10696 27.04.2026 1 27.04.2026 Books

© All rights reserved — Faculty of Law, Cairo University